Dialogue preaching: (Record no. 12255)

000 -LEADER
fixed length control field 00590nam a2200193 a 4500
001 - CONTROL NUMBER
control field :::00010057$&:&@@
003 - CONTROL NUMBER IDENTIFIER
control field OkBaRHE
005 - DATE AND TIME OF LATEST TRANSACTION
control field 20000607103355.0
008 - FIXED-LENGTH DATA ELEMENTS--GENERAL INFORMATION
fixed length control field s1969 j 000 0 eng u
040 ## - CATALOGING SOURCE
Transcribing agency
100 1# - MAIN ENTRY--PERSONAL NAME
Personal name Thompson, William D.
245 10 - TITLE STATEMENT
Title Dialogue preaching:
Remainder of title the shared sermon.
260 ## - PUBLICATION, DISTRIBUTION, ETC. (IMPRINT)
Place of publication, distribution, etc Valley Forge, PA., :
Name of publisher, distributor, etc Judson Press
Date of publication, distribution, etc c1969
300 ## - PHYSICAL DESCRIPTION
Extent 158 p. ;
Dimensions 23 cm.
650 ## - SUBJECT ADDED ENTRY--TOPICAL TERM
Topical term or geographic name as entry element Dialogue Sermons
650 ## - SUBJECT ADDED ENTRY--TOPICAL TERM
Topical term or geographic name as entry element Sermons, American
942 ## - ADDED ENTRY ELEMENTS (KOHA)
Source of classification or shelving scheme
Koha item type Books
Copies
Source of classification or shelving scheme Price effective from Lost status Damaged status Copy number Shelving location Full call number Barcode Date last seen Date acquired Permanent Location Withdrawn status Not for loan Koha item type
 2010-04-14  1General StacksBV 4307 .D5T5100572010-04-142010-04-14RHEMA Bible Training College  Books